| 000 | 00703nam a2200181 i 4500 | ||
|---|---|---|---|
| 001 | 92933 | ||
| 003 | ES-MaACL | ||
| 005 | 20230906181105.0 | ||
| 007 | t| | ||
| 008 | 050331s1909 be ||||1| fre d | ||
| 245 | 0 | 0 |
_aListe chronologique des édits et ordonnances des Pays-Bas _b: Règnes de Philippe IV (1621-1665) et de Charles II (1665-1700). |
| 260 |
_aBruxelles : _bJ. Goemaere, _c1909. |
||
| 300 |
_aXII, 236 p. ; _c24 cm. |
||
| 490 | 1 | _aCommission royale pour la publication des anciennes Lois et Ordonnance de la Belgique" | |
| 830 | 0 |
_aCommission royale pour la publication des anciennes Lois et Ordonnance de la Belgique" _9232070 |
|
| 852 |
_aES-MaACL _jF-7629 |
||
| 999 |
_c92933 _d92933 |
||